Climate change untold truths and the ultimate solution/ (Record no. 147233)

MARC details
000 -LEADER
fixed length control field 00798nam a22002057a 4500
005 - DATE AND TIME OF LATEST TRANSACTION
control field 20250409151537.0
010 ## - LCCN (DPL NO)
LC control number ENG-121260 ENG-144597
020 ## - INTERNATIONAL STANDARD BOOK NUMBER
Terms of availability 250.00
International Standard Book Number 9789350870286
035 ## - SYSTEM CONTROL NUMBER
System control number EN-104792
035 ## - SYSTEM CONTROL NUMBER
System control number EN-128129
037 ## - SOURCE OF ACQUISITION
Source of stock number/acquisition DBAD/PUB
082 ## - DEWEY DECIMAL CLASSIFICATION NUMBER
Classification number 551.6
100 ## - MAIN ENTRY--PERSONAL NAME
Personal name Thompson, S.J.P
245 ## - TITLE STATEMENT
Title Climate change untold truths and the ultimate solution/
Statement of responsibility, etc by S.J.P. Thompson
260 ## - PUBLICATION, DISTRIBUTION, ETC. (IMPRINT)
Place of publication, distribution, etc Tamil Nadu
Name of publisher, distributor, etc S.J.P. Thomas
Date of publication, distribution, etc 2012
270 ## - ADDRESS
Address Justin Hospital,Kulasekaram, Kanyakumari District
City Tamil Nadu
Postal code 629161
300 ## - PHYSICAL DESCRIPTION
Extent x, 258p.
Dimensions 21cm(pbk)
505 ## - FORMATTED CONTENTS NOTE
Formatted contents note Also guides to end poverty, unemployment, corruption, crime, violance, terrorism, migration, environmental degradation, chaotic economy and other man-made evils.
942 ## - ADDED ENTRY ELEMENTS (KOHA)
Source of classification or shelving scheme Dewey Decimal Classification
Item type English Books
Classification part 551.6
Call number suffix THO
Holdings
Withdrawn status Lost status Not for loan Collection code Home library Current library Date acquired Source of acquisition Cost, normal purchase price Full call number Barcode Copy number Cost, replacement price Koha item type
    Not For Loan Non-fiction D.B.Act.Division Bawana 07/11/2017 DBAD/PUB 250.00 551.6 THO EN-104792 1 250.00 English Books
      Non-fiction Patel Nagar Patel Nagar 09/04/2025 Delivery of Books Act Division 250.00 551.6 THO EN-128129 1 250.00 English Books

© Delhi Public Library
Hit Counter
free hit counter